| 000 | 00357nam a2200133Ia 4500 | ||
|---|---|---|---|
| 008 | 150202s9999 xx 000 0 und d | ||
| 020 | _a446547574 | ||
| 050 |
_aFIC _bFIC |
||
| 100 | _aSparks, Nicholas. | ||
| 245 |
_aSafe haven / _cNicholas Sparks. |
||
| 260 |
_aNew York : _bHachette Books, _c2010. |
||
| 300 |
_a405 pages : _c17 cm. |
||
| 650 | _aFiction. | ||
| 999 |
_c282490 _d282490 |
||